000 00299nam a2200145Ia 4500
100 _aSchneier/Brucec
942 _cBK
654 _acryptography
245 _aApplied cryptography:Protocols
260 _bWiley
_c2002
082 _a5.82
_bSCH
300 _a758
546 _aENGLISH
999 _c26645
_d26645